| 000 | 01630 a2200253 4500 | ||
|---|---|---|---|
| 001 | 44551 | ||
| 005 | 20260407155722.0 | ||
| 008 | 260407a2016 arg spa d | ||
| 003 | AR-UNSa-BCEJYS | ||
| 040 |
_aAR-UNSa-BCEJYS _bspa _cAR-UNSa-BCEJYS |
||
| 080 |
_a657 _xContabilidad |
||
| 245 | 1 | 0 |
_aEntes pequeños y medianos _pnuevas normas contables |
| 020 | _a978-987-716-052-9 | ||
| 264 | 1 |
_aBuenos Aires : _bOsmar D. Buyatti _c2016 |
|
| 300 |
_a192 p. _c22 cm. |
||
| 505 | _a1. Entes pequeños, Resolución Técnica N° 41. Segunda parte - 2. Entes medianos. Resolución técnica N° 42 - 3. Normas generales para entes pequeños y entes medianos - 4. Mediciones iniciales de entes pequeños - 5. Mediciones periódicas de entes pequeños: créditos - 6. Mediciones periódicas de entes pequeños: pasivos - 7. Mediciones periódicas de entes pequeños: bienes de cambio excepto activos biológicos y del costo de bienes vendidos - 8. Mediciones iniciales y periódicas de entes medianos comparadas con las de entes pequeños - 9. Método del diferido para reconocer el impuesto a las ganancias - 10. Valores recuperables - 11. Mediciones periódicas de otros elementos patrimoniales - 12. Presentación de estados contables de entes pequeños y entes medianos - | ||
| 041 | _aspa | ||
| 942 | _cBK | ||
| 590 | _aniveau_biblio:m niveau_hierar:0 | ||
| 100 | 1 | _aPetti, Ana María | |
| 650 | _aResolución Técnica Nº 41 Resolución Técnica Nº 42 | ||
| 856 | 4 | 1 |
_uhttps://biblioeco.unsa.edu.ar/pmb/images/libros/L126964.jpg _yImagen de portada _qimage/jpeg |
| 650 | _a resolucion tecnica nº 41 resolucion tecnica nº 42 | ||
| 999 |
_c3796 _d3796 |
||